000 01345cad a2200253 4500
001 L158901
008 100215n2013 000 0 eng u
020 _a9781783210305
035 _a(Sirsi) u158901
041 _aeng
100 1 _aChoudhury, Ifte
111 2 _aConstruction and Building Research Conference
_cIIT Delhi, New Delhi
_d10-12 September 2013
245 0 0 _aFactors of construction time
_bConstruction cost vs. gross floor area
_h[electronic resource]
260 _aLondon
_bRICS
_c2013
490 0 _aCOBRA
_v2013
520 _aA paper presented at the COBRA Conference in New Delhi on 10-12 September 2013. Showes a statistically significant relationship between construction time and magnitude of the project, measured by gross floor area, at the level of significance (p-value) of < 0.0001. This variable, when introduced in the model, presumably acts as a proxy for actual construction cost. Construction type did not have a statistically significant relationship with construction time. A prediction model of construction time has been developed based on the results of the study.
650 2 4 _aCONSTRUCTION AND BUILDING RESEARCH CONFERENCE (COBRA)
650 2 4 _aTIME RELATED COSTS
650 2 4 _aPROJECT COSTS
650 2 4 _aCONSTRUCTION TIME
651 4 _aIndia
690 _aProject management
_96261
942 _n0
999 _c115579
_d115579